LEADER 02482nam 2200541 a 450 001 9910453219103321 005 20200520144314.0 010 $a1-62417-501-5 035 $a(CKB)2550000001043569 035 $a(EBL)3021660 035 $a(SSID)ssj0000875792 035 $a(PQKBManifestationID)12395925 035 $a(PQKBTitleCode)TC0000875792 035 $a(PQKBWorkID)10897673 035 $a(PQKB)11670470 035 $a(MiAaPQ)EBC3021660 035 $a(Au-PeEL)EBL3021660 035 $a(CaPaEBR)ebr10683399 035 $a(OCoLC)834129315 035 $a(EXLCZ)992550000001043569 100 $a20110128d2012 uy 0 101 0 $aeng 135 $aur|n|---||||| 181 $ctxt 182 $cc 183 $acr 200 00$aPollination$b[electronic resource] $emechanisms, ecology and agricultural advances /$fNichole D. Raskin and Patrick T. Vuturro, editors 210 $aHauppauge, N.Y. $cNova Science Publishers$dc2012 215 $a1 online resource (186 p.) 225 1 $aBotanical research and practices 300 $aDescription based upon print version of record. 311 $a1-61209-634-4 320 $aIncludes bibliographical references and index. 327 $aPollination strategies: the point of view of plants-personal experiences and review of the literature / Guido Flamini -- Pollination mechanisms in Passiflora species: the common and the rare flowers - ecological aspects and implications for horticulture / M.T. Amela Garci?a, P.S. Hoc -- Pollen tube growth and ovule abortion in Olea europaea (Oleaceae): a case of ovule selection? / Julia?n Cuevas ... [et al.] -- Application of airborne pollen data to agronomical research / H. Garci?a-Mozo -- Pollen-pistil interactions in flowering plants / Houria Hadj-Arab -- The use of bees for crop pollination: history, lessons learned and the future / Carlos H. Vergara -- 2N pollen formation: 40 cytological mechanisms of nuclear neiotic restitution / Natalia V. Shamina -- Orbicules in relation to the pollination modes / B.G. Galati ... [et al.]. 410 0$aBotanical research and practices. 606 $aPollination 608 $aElectronic books. 615 0$aPollination. 676 $a571.8/642 701 $aRaskin$b Nichole D$0926789 701 $aVuturro$b Patrick T$0926790 801 0$bMiAaPQ 801 1$bMiAaPQ 801 2$bMiAaPQ 906 $aBOOK 912 $a9910453219103321 996 $aPollination$92081353 997 $aUNINA LEADER 04452nam 2200793 a 450 001 9910970763603321 005 20251116221438.0 010 $a9783110270655 010 $a311027065X 024 7 $a10.1515/9783110270655 035 $a(CKB)2560000000079154 035 $a(EBL)827346 035 $a(OCoLC)772844631 035 $a(SSID)ssj0000623699 035 $a(PQKBManifestationID)11369302 035 $a(PQKBTitleCode)TC0000623699 035 $a(PQKBWorkID)10657676 035 $a(PQKB)10321208 035 $a(MiAaPQ)EBC827346 035 $a(WaSeSS)Ind00017250 035 $a(DE-B1597)173954 035 $a(OCoLC)1011446512 035 $a(OCoLC)778433443 035 $a(OCoLC)979906369 035 $a(DE-B1597)9783110270655 035 $a(Au-PeEL)EBL827346 035 $a(CaPaEBR)ebr10523725 035 $a(CaONFJC)MIL628079 035 $a(Perlego)654716 035 $a(MiAaPQ)EBC4002012 035 $a(Au-PeEL)EBL4002012 035 $a(EXLCZ)992560000000079154 100 $a20120130d2011 uy 0 101 0 $aeng 135 $aur|n|---||||| 181 $ctxt$2rdacontent 182 $cc$2rdamedia 183 $acr$2rdacarrier 200 00$aAnnual review of South Asian languages and linguistics 2011 /$feditors, Rajendra Singh, Ghanshyam Sharma 205 $a1st ed. 210 1$aBerlin :$cDe Gruyter,$d2011. 215 $a1 online resource (viii, 210 pages) $cillustrations 225 1 $aTrends in linguistics. Studies and monographs,$x1861-4302 ;$v241 311 0 $a9781306968287 311 0 $a1306968283 311 0 $a9783110270570 311 0 $a3110270579 320 $aIncludes bibliographical references. 327 $tFrontmatter --$tContents --$tEditorial Preface --$tGeneral Contributions --$tMetatypy in Sri Lanka Malay /$rAnsaldo, Umberto --$tBenglish verbs: A case of code-mixing in Bengali /$rBhattacharja, Shishir --$tAgreement and non-finite verbs in Bangla: A biaxial approach /$rDasgupta, Probal --$tOn the role of protases in conditional statements: Some evidence from Hindi /$rSharma, Ghanshyam --$tSpecial Contributions: The Indigenous Languages of South Asia --$tAspects of Kharia grammar: A Role and Reference Grammar approach /$rPeterson, John --$tGrammatical voice in Gorum /$rRau, Felix --$tRegional Reports --$tIndia /$rSailaja, Pingali --$tReviews --$tMrinal Kaul and Ashok Aklujkar (Eds.) - Linguistic traditions of Kashmir /$rBhattacharja, Shishir --$tS. Imtiaz Hasnain & Shreesh Chaudhary (Eds.) - Problematizing Language Studies. Cultural, Theoretical and Applied Perspectives. Essays in Honor of Rama Kant Agnihotri /$rSharma, Ghanshyam --$tAppendices --$tAnnouncements: The Gyandeep Prize --$tNotes on Contributors 330 $aSouth Asia is home to a large number of languages and dialects. Although linguists working on this region have made significant contributions to our understanding of language, society, and language in society on a global scale, there is as yet no recognized international forum for the exchange of ideas amongst linguists working on South Asia. The Annual Review of South Asian Languages and Linguistics is designed to be just that forum. It brings together empirical and theoretical research and serves as a testing ground for the articulation of new ideas and approaches which may be grounded in a study of South Asian languages but which have universal applicability. Each volume will have three major sections:I. Invited contributions consisting of state-of-the-art essays on research in South Asian languages.II. Refereed open submissions focusing on relevant issues and providing various viewpoints.III. Reports from around the world, book reviews and abstracts of doctoral theses. 410 0$aTrends in linguistics.$pStudies and monographs ;$v241. 606 $aIndo-Aryan languages 606 $aIndo-Aryan languages, Modern 606 $aSociolinguistics$zSouth Asia 607 $aSouth Asia$xLanguages$xSemantics 615 0$aIndo-Aryan languages. 615 0$aIndo-Aryan languages, Modern. 615 0$aSociolinguistics 676 $a491.1 676 $a491/.1 701 $aSingh$b Rajendra$f1943-2012.$0164720 701 $aSharma$b Ghanshyam$f1952-$01859505 801 0$bMiAaPQ 801 1$bMiAaPQ 801 2$bMiAaPQ 906 $aBOOK 912 $a9910970763603321 996 $aAnnual review of South Asian languages and linguistics 2011$94463356 997 $aUNINA